00957nas a2200241Ia 4500001001100000003000900011008004100020040001300061040001300074041001300087100003800100210001000138222001000148245007500158250001100233260003100244501008600275300001100361310001200372362003400384500026000418650003700678R308/46444IT-RoPAU151124c99999999xx |||||||||||| ||und|| aIT-RoPAU cIT-RoPAU aITALIANO aAA.VV. gCodice Aut. SPICS: 12000 aLINUS aLinus aLINUS, ANNO 14-N.10 (OTTOBRE 1978)bLinus, Anno 14-N.10 (Ottobre 1978) a1a ed. aMILANObMILANO LIBRIc1978 bPaulus - SPICS - Società San Paolo EM (non-commercial uses only)cCopyright2015 a122 p. aMENSILE aANNO 014, N.10 (OTTOBRE 1978) aAltan. Doonesbury di G. Trudeau. Bristow di F. Dickens. Peanuts di C. Schulz. La Vie Au Grand Air di Reiser. i Vecchi Sentimenti di Copi. La Pagine dei Frustrati di C. Bretecher. Minus di J. Ada nella Giungla di Altan. Burlesque di G. Maldini. Tranches De aFUMETTOvPUBBLICAZIONE PERIODICA